Statistics for Fortnite Locations

Click here to take the quiz!

General Stats

  • This quiz has been taken 215 times
    (201 since last reset)
  • The average score is 11 of 20

Answer Stats

% Correct
TTilted Towers
85%
SSalty Springs
71%
DDusty Divot
68%
RRetail Row
68%
AAnarchy Acres
64%
FFatal Fields
63%
LLoot Lake
62%
LLucky Landing
61%
JJunk Junction
59%
MMoisty Mire
59%
GGreasy Grove
58%
HHaunted Hills
56%
WWailing Woods
56%
FFlush Factory
53%
LLonely Lodge
53%
PPleasant Park
53%
SSnobby Shores
45%
RRisky Reels
39%
SShifty Shafts
35%
TTomato Town
35%

Score Distribution

Percentile by Number Answered

Percent of People with Each Score

Your Score History

You have not taken this quiz since the last reset